Essentials of management science : (Record no. 15990)
[ view plain ]
| 000 -LEADER | |
|---|---|
| fixed length control field | 01041cam a2200301 i 4500 |
| 001 - CONTROL NUMBER | |
| control field | 15990 |
| 003 - CONTROL NUMBER IDENTIFIER | |
| rucl marc code | BD-RjUL |
| 005 - DATE AND TIME OF LATEST TRANSACTION | |
| control field | 20211208235928.0 |
| 008 - FIXED-LENGTH DATA ELEMENTS--GENERAL INFORMATION | |
| fixed length control field | 140211s1978 mnua b 001 0 eng |
| 020 ## - INTERNATIONAL STANDARD BOOK NUMBER | |
| International Standard Book Number | 0829901477 : |
| 035 ## - SYSTEM CONTROL NUMBER | |
| System control number | (BD-RjUL)16045 |
| 040 ## - CATALOGING SOURCE | |
| Original cataloging agency | DLC |
| Transcribing agency | DLC |
| Modifying agency | DLC |
| -- | BD-RjUL |
| Language of cataloging | eng |
| 041 ## - LANGUAGE CODE | |
| Language code of text/sound track or separate title | eng |
| 082 00 - DEWEY DECIMAL CLASSIFICATION NUMBER | |
| Classification number | 658.4033 |
| Author mark and year | ANE 1980 |
| 100 1# - MAIN ENTRY--PERSONAL NAME | |
| Personal name | Anderson, David Ray, |
| Dates associated with a name | 1941- |
| 9 (RLIN) | 49526 |
| 245 10 - TITLE STATEMENT | |
| Title | Essentials of management science : |
| Remainder of title | Applications to decision making / |
| Statement of responsibility, etc. | David R. Anderson, Dennis J. Sweeney and Thomas A. Williams. |
| 260 ## - PUBLICATION, DISTRIBUTION, ETC. (IMPRINT) | |
| Place of publication, distribution, etc. | St. Paul : |
| Name of publisher, distributor, etc. | West Pub. Co., |
| Date of publication, distribution, etc. | c1978. |
| 300 ## - PHYSICAL DESCRIPTION | |
| Pagination | xxi, 602 p. : |
| Illustrations | ill. ; |
| Size | 26 cm. |
| 504 ## - BIBLIOGRAPHY, ETC. NOTE | |
| Bibliography, etc | Bibliography: p. 579-583 and index. |
| 650 #0 - SUBJECT ADDED ENTRY--TOPICAL TERM | |
| Topical term or geographic name as entry element | Decision making |
| General subdivision | Mathematical models. |
| 9 (RLIN) | 49527 |
| Topical term or geographic name as entry element | Statistical decision. |
| 9 (RLIN) | 49528 |
| Topical term or geographic name as entry element | Operations research. |
| 9 (RLIN) | 49529 |
| 700 1# - ADDED ENTRY--PERSONAL NAME | |
| Personal name | Sweeney, Dennis J., |
| Relator term | joint author. |
| Personal name | Williams, Thomas Arthur, |
| Dates associated with a name | 1944- |
| Relator term | joint author. |
| 942 ## - ADDED ENTRY ELEMENTS (KOHA) | |
| Source of classification or shelving scheme | Dewey Decimal Classification |
| Koha item type | Books |
| Lost status | Source of classification or shelving scheme | Damaged status | Not for loan | Collection code | Permanent Location | Current Location | Shelving location | Date acquired | Source of acquisition | Total Checkouts | Full call number | Date last seen | Copy number | Koha item type |
|---|---|---|---|---|---|---|---|---|---|---|---|---|---|---|
| Dewey Decimal Classification | Not For Loan | Non-fiction | Central Library, University of Rajshahi | Central Library, University of Rajshahi | Reading Room | 08/10/1985 | Asia foundation | 658.4033 ANE 1980 | 11/02/2014 | C-1 | Books |